| 000 | 00455nam a2200157Ia 4500 | ||
|---|---|---|---|
| 008 | 240729s9999 xx 000 0 und d | ||
| 022 | _a2008-6172 | ||
| 245 | 0 | _aCaspian Journal of Internal Medicine | |
| 260 | _aIran, Islamic Republic of | ||
| 260 | _bBabol University of Medical Sciences | ||
| 650 | _a Internal medicine | ||
| 650 | _aMedicine | ||
| 856 | _uhttps://doaj.org/toc/32c1ab799d56471e94a184cbc3f75afc | ||
| 942 | _2ddc | ||
| 942 | _cDOAJEJ | ||
| 999 |
_c65551 _d65551 |
||
| 945 |
_a1 _bMadushi Gamage _c1 _dMadushi Gamage |
||